| 000 | 00000nas##2200000za#4500 |
| 001 | 9.514638 |
| 003 | CaOODSP |
| 005 | 20210929082751 |
| 007 | ta |
| 008 | 150406c1992||||xxc|| m #||||f| |0eng|d |
| 022 | |a1188-7419 |
| 040 | |aCaOODSP|beng |
| 043 | |an-cn--- |
| 086 | 1 |aFo29-34E |
| 110 | 1 |aCanada. |bNatural Resources Canada. |bCanadian Forest Service. |
| 245 | 10|aSpecial report / |cIssued by the Northern Forestry Centre. |
| 260 | |aEdmonton - Alberta : |bNatural Resources Canada. |c1992--. |
| 310 | |aIrregular |
| 362 | 1 |a1-- |
| 500 | |aIssued under the Canada-Alberta, Canada-Saskatchewan and Canada-Manitoba Partnership Agreements in Forestry. |
| 546 | |a(Résumé en français.) |
| 775 | 08|tRapport spécial / |w(CaOODSP)9.839729 |
| 776 | 0#|tSpecial report / |w(CaOODSP)9.505158 |